[Event "GER-chT Betriebe"]
[Site "Berlin"]
[Date "2006.10.06"]
[Round "3.2"]
[White "Marten, Gero"]
[Black "Zunic, Josef"]
[Result "1-0"]
[WhiteElo "2030"]
[BlackElo "1848"]
[PlyCount "72"]
[EventDate "2006.10.05"]
[EventType "team-tourn"]
[EventRounds "7"]
[EventCountry "GER"]
[SourceTitle "EXT 2007"]
[Source "ChessBase"]
[SourceDate "2006.11.23"]
[SourceVersion "1"]
[SourceVersionDate "2006.11.23"]
[SourceQuality "1"]
[WhiteTeam "Wiesbaden"]
[BlackTeam "Augsburg Osram"]
[WhiteTeamCountry "GER"]
[BlackTeamCountry "GER"]

1. d4 Nf6 2. c4 d6 3. Nc3 g6 4. e4 Bg7 5. Nge2 c6 6. Ng3 Qa5 7. Be2 h5 8. h4 Bh6 9. Bxh6 Rxh6 10. Qd2 Rh8 11. 0-0-0 Na6 12. e5 dxe5 13. dxe5 Ng4 14. Rhf1 Nxe5 15. f4 Ng4 16. f5 gxf5 17. Qg5 Qe5 18. Bxg4 hxg4 19. Rfe1 Qc7 20. Qg7 Qf4+ 21. Rd2 Qh6 22. Qe5 Kf8 23. Qxe7+ Kg7 24. Qe5+ Qf6 25. Qf4 Be6 26. Re5 Qh6 27. Nxf5+ Bxf5 28. Qxf5 Rad8 29. Qg5+ Qxg5 30. Rxg5+ Kh6 31. Rf2 Rhf8 32. Rf6+ Kh7 33. Rxg4 Rde8 34. Ne4 Re7 35. Rf5 Re6 36. Rh5+ Rh6 1-0

[Event "Augsburg Afro op"]
[Site "Augsburg"]
[Date "2003.08.10"]
[Round "7"]
[White "Zunic, Josef"]
[Black "Billing, Alexander"]
[Result "1/2-1/2"]
[WhiteElo "1863"]
[BlackElo "1537"]
[PlyCount "61"]
[EventDate "2003.08.06"]
[EventType "swiss"]
[EventRounds "7"]
[EventCountry "GER"]
[SourceTitle "EXT 2006"]
[Source "ChessBase"]
[SourceDate "2005.11.24"]
[SourceVersion "1"]
[SourceVersionDate "2005.11.24"]
[SourceQuality "1"]

1. e4 e6 2. d4 d5 3. e5 c5 4. f4 Nc6 5. Nf3 Qb6 6. c3 cxd4 7. Nxd4 Bc5 8. Nxc6 Bf2+ 9. Ke2 bxc6 10. Kf3 Ne7 11. b4 Nf5 12. g3 Be3 13. Bd3 Nd4+ 14. Kg2 Bxc1 15. Qxc1 Nf5 16. Bxf5 exf5 17. Re1 0-0 18. Qe3 Qxe3 19. Rxe3 Re8 20. Nd2 f6 21. Rae1 fxe5 22. Rxe5 Bd7 23. Nb3 Rxe5 24. Rxe5 Re8 25. Nc5 Rxe5 26. fxe5 Be8 27. Kf3 Kf7 28. Ke3 g5 29. Kd4 Ke7 30. a4 Bf7 31. a5 1/2-1/2